Score 0/32 Timer 02:00
0 Plays Today
Hint Missing Word % Correct
New ____ GiantsYork
93.9%
New ____ JetsYork
93.8%
New _______ PatriotsEngland
87.1%
_____ Bay PackersGreen
86.3%
______ CowboysDallas
86.2%
_____ DolphinsMiami
86.2%
_____ Angeles ChargersLos
85.4%
Los _____ RamsAngeles
84.7%
_______ SeahawksSeattle
84.6%
_______ BearsChicago
84.3%
San _________ 49ersFrancisco
83.9%
______ BroncosDenver
83.6%
______ City ChiefsKansas
83.3%
____ Bay BuccaneersTampa
82.4%
_______ BillsBuffalo
81.9%
New _______ SaintsOrleans
81.8%
Hint Missing Word % Correct
_________ BrownsCleveland
80.1%
__________ RedskinsWashington
79.9%
_______ LionsDetroit
79.7%
__________ SteelersPittsburgh
79.7%
_________ RavensBaltimore
79.2%
_________ VikingsMinnesota
78.5%
_______ TexansHouston
77.3%
_______ FalconsAtlanta
76.9%
____________ EaglesPhiladelphia
76%
_______ RaidersLas Vegas
75.7%
_________ TitansTennessee
73.9%
____________ JaguarsJacksonville
72.8%
________ PanthersCarolina
72.4%
____________ ColtsIndianapolis
72%
_______ CardinalsArizona
70.7%
__________ BengalsCincinnati
69%

Today's Daily Dose

Missing Word
3 Word TV Shows

Word Ladder
Olsen Twins

Quick Pick
TLC Shows

You're not logged in!

Compare scores with friends on all Sporcle quizzes.
OR
Log In

Sporcle TV

Today on Sporcle TV


Watch our educational content, quiz creation guides, and fun videos on Sporcle TV.

Show Comments

Extras

Top Quizzes Today


Score Distribution

Paid Content

Your Account Isn't Verified!

In order to create a playlist on Sporcle, you need to verify the email address you used during registration. Go to your Sporcle Settings to finish the process.

Report this User

Report this user for behavior that violates our Community Guidelines.

Details: